Flagi z grawitacją #2 - Statystyki

Ogólne statystyki
  • Ten quiz został rozwiązany 2 485 razy
  • Średni wynik to 14 z 16
Statystyki odpowiedzi
Obrazkowy Odpowiedź % Poprawnych
Kosowo
98%
Turcja
98%
Australia
96%
Bośnia i Hercegowina
96%
Panama
96%
Korea Północna
95%
Angola
94%
Barbados
88%
Tajwan
87%
Turkmenistan
84%
Fidżi
81%
Libia
81%
Lesotho
80%
Belize
75%
Nauru
73%
Wyspy Salomona
61%
Nie znaleziono quizów pasujących do podanych kryteriów
Rozkład punktacji
Procent ludzi z każdym wynikiem
Percentyl według liczby udzielonych odpowiedzi
Twoja historia wyników
Nie rozwiązałeś tego quizu